000 00594cam a2200217 4500500
005 20260329004419.0
041 _afre
042 _adc
100 1 0 _aSorente, Isabelle
_eauthor
245 0 0 _aComme des rats ?
260 _c2019.
500 _a80
690 _aÉmotion
690 _aIntuition
690 _aIsabelle Sorent
690 _aJeu
690 _aRat
690 _aRire
786 0 _nPhilosophie magazine | 134 | 11 | 2019-11-01 | p. 20-20 | 1951-1787
856 4 1 _uhttps://shs.cairn.info/magazine-philosophie-magazine-2019-11-page-20?lang=fr&redirect-ssocas=7080
999 _c1833603
_d1833604